Algunas consideraciones sobre población y políticas de desarrollo en las regiones rurales de Costa Rica: un informe de trabajo presentado al Sexto Seminario de Demografía

Guardat en:
Dades bibliogràfiques
Autor principal: Denton L, Carlos F.
Format: Text
Publicat: Heredia: UNA. IDESPO
Etiquetes: Afegir etiqueta
Sense etiquetes, Sigues el primer a etiquetar aquest registre!

MARC

LEADER 00000 a a2200000 04500
001 16828
003
040
090 |a 1001 S518s  
100 |a Denton L, Carlos F.  
245 |a Algunas consideraciones sobre población y políticas de desarrollo en las regiones rurales de Costa Rica: un informe de trabajo presentado al Sexto Seminario de Demografía  
260 |a Heredia:   |b UNA. IDESPO  
300 |a 25 p  
999 |c 32  |d 32